| 000 | 00688nam a22002657a 4500 | ||
|---|---|---|---|
| 001 | 0177 | ||
| 003 | DO-SdBNP | ||
| 005 | 20180205134237.0 | ||
| 007 | 0177 | ||
| 008 | 151005b 200 2006 sp 00| 0 spa d | ||
| 020 | _a8466211594 | ||
| 040 |
_aBPMSU _bspa _cBPMSU |
||
| 240 |
_aAnimals _lEspañol |
||
| 245 | 1 | 3 |
_aEl mundo animal / _ctraducción Belén López |
| 260 |
_aMadrid : _bLibsa, _c2006. |
||
| 300 |
_a48 p : _bil. _c27cm. |
||
| 490 | 1 | _aBiblioteca visual juvenil | |
| 500 | _aIncluye índice | ||
| 534 | _aAnimals | ||
| 700 | 1 | 2 |
_aLópez, Belén _etrad. |
| 830 | 0 | _aBiblioteca visual juvenil | |
| 942 |
_2ddc _cBK |
||
| 945 | _aInventariado, 2018/MFF | ||
| 956 | _aYngrid Lockward | ||
| 999 |
_c9259 _d9259 |
||